000
00231nam a2200097Ia 4500
008
190216s9999||||xx |||||||||||||| ||und||
100
_a
Leo Tolstoy
245
0
_a
Short Stories
260
_b
"Progress Publishers, Moscow"
942
_c
BK
999
_c
12046
_d
12046